Sports en image par lettre - C - Statistiques

Statistiques générales
  • Ce quiz a été pris 122 fois
    62 depuis la dernière actualisation
  • Le résultat moyen est 12 sur 16
Statistiques - réponses
Par images Réponse % Correct
Cyclisme
100%
Canoë
98%
Course
98%
Catch
92%
Cricket
90%
Curling
86%
Corde à sauter
84%
Cerf volant
69%
Capoeira
61%
Char à voile
61%
Cheerleading
61%
Carabine
59%
Cécifoot
57%
Croquet
57%
Catamaran
53%
Canyoning
49%
Aucun quiz correspondant
Distribution des résultats
% des personnes avec chaque résultat
Percentile par nombre de réponses
Votre historique - résultats
Vous n’avez pas pris ce quiz depuis la dernière actualisation